Normal view MARC view

Entry Personal Name

Number of records used in: 1

001 - CONTROL NUMBER

  • control field: 1463

003 - CONTROL NUMBER IDENTIFIER

  • control field: OSt

005 - DATE AND TIME OF LATEST TRANSACTION

  • control field: 20110421125326.0

008 - FIXED-LENGTH DATA ELEMENTS

  • fixed length control field: 110421|||a|||||| | ||| d

040 ## - CATALOGING SOURCE

  • Original cataloging agency: OSt
  • Transcribing agency: OSt

100 ## - HEADING--PERSONAL NAME

  • Personal name: Burn, E.H.

670 ## - SOURCE DATA FOUND

  • Source citation: Work cat.: (OSt): Burn, E.H., Maudsley & Burn's Land Law Cases & Materials :, 2009.